Undang-undang tanah : Lesen pendudukan sementara dan permit

Bibliographic Details
Main Author: ABDUL Aziz Hussin
Format: Book
Published: Kuala Lumpur : DBP , 1996
Subjects:

MARC

LEADER 00000cam a2200000 7i4500
001 0000000025
005 20011205.0
020 0 0 |a 9836252940 
090 0 0 |a 346.5950438   |b ABD 1996 
100 0 0 |a ABDUL Aziz Hussin 
245 1 0 |a Undang-undang tanah :   |b Lesen pendudukan sementara dan permit   |c Abdul Aziz Hussin 
260 0 0 |a Kuala Lumpur :   |b DBP ,   |c 1996 
300 |a xxiii, 100 p. ;   |c 23 cm. 
500 0 0 |a Includes index 
650 0 0 |a Land tenure   |x Law and legislation   |z Malaysia 
650 0 0 |a Land titles   |x Registration and transfer   |z Malaysia 
998 |a JPSM 
999 |a 0000001202   |b Monograph   |c Open Shelf   |e Default branch 
999 |a 0000004981   |b Monograph   |c Open Shelf   |e Default branch